| 000 | 01063nac a22003017a 4500 | ||
|---|---|---|---|
| 001 | BR8100689 | ||
| 003 | BR-BrBNA | ||
| 005 | 20240105114909.0 | ||
| 008 | 230509b bl.|||m| |||| 00| 0 por d | ||
| 040 |
_aBR-BrBNA _bpor _cBiblioteca Nacional de Agricultura |
||
| 072 | _aF70 | ||
| 090 | _a3100 BR8100689 | ||
| 100 | 1 | _aCarvalho, P.E.R. | |
| 110 | 1 | _aUnidade Regional de Pesquisa Florestal Centro-Sul, Curitiba, PR (Brasil) | |
| 245 | 1 |
_aLevantamento floristico da regiao de Irati, PR [Flora; Parana; Brasil] _b1. Aproximacao |
|
| 246 | 1 |
_a[Floristic survey of the Irati area, PR [Flora; Parana; Brazil]] _b[1. Approximation] |
|
| 260 | 3 |
_aCuritiba, PR (Brasil): _c1980. |
|
| 300 | _a44 p. | ||
| 490 |
_aCircular Tecnica - Unidade Regional de Pesquisa Florestal Centro-Sul (Brazil) _vno. 3 _x |
||
| 500 | _a9 ref.; Summary (Pt) | ||
| 650 | _aTaxonomia vegetal | ||
| 650 | _aArvore gimnosperma | ||
| 650 | _aArvore angiosperma | ||
| 650 | _aFlora | ||
| 650 | _aParana | ||
| 909 |
_a202312 _bLúcia Elande _c55 _dLúcia Elande |
||
| 942 |
_2AGRIS _n0 _cMS |
||
| 999 |
_c271919 _d271919 |
||